000 00249nam a2200109Ia 4500
008 190216s9999||||xx |||||||||||||| ||und||
100 _aAjaya
245 0 _aHindi-Kendra Aur Paridi
260 _bNational Publications
650 _aHindi
942 _cBK
999 _c15517
_d15517